000 00763cam a22002293a 4500
001 28373
003 PGUSA
005 20140828083619.0
008 090320s2009||||xxu|||||s|||||000 | eng d
040 _aPGUSA
_beng
042 _adc
050 4 _aDC
100 1 _aSaint-Elme, Ida,
_d1778-1845
245 1 0 _aMémoires d'une contemporaine. Tome 1 :
_bSouvenirs d'une femme sur les principaux personnages de la République, du Consulat, de l'Empire, etc...
_h[electronic resource] /
_cIda Saint-Elme
260 _bProject Gutenberg,
_c2009
506 _aPublic domain in the USA.
516 _aElectronic text
653 _aFrance -- History -- 1789-1815
830 0 _aProject Gutenberg
_v28373
856 4 0 _uhttp://www.gutenberg.org/ebooks/28373
942 _cEB
999 _c257628
_d257628